Statistics for Top 10 Swing States in U.S. Elections

Click here to take the quiz!

General Stats

  • This quiz has been taken 48,749 times
    (22,475 since last reset)
  • The average score is 7 of 10

Answer Stats

DifferenceEVState% Correct
0.2% R29Florida
93%
4.5% R16Georgia
85%
2.1% R18Ohio
85%
4.0% D20Pennsylvania
82%
5.2% R11Arizona
78%
1.7% R15North Carolina
71%
5.2% D10Wisconsin
70%
6.0% D6Nevada
68%
0.6% R6Iowa
58%
5.7% D4New Hampshire
46%

Score Distribution

Percentile by Number Answered

Percent of People with Each Score

Your Score History

You have not taken this quiz since the last reset